| 000 | 00802cam a2200217 4500 | ||
|---|---|---|---|
| 001 | WB3616-51 | ||
| 008 | 000000n2000 000 0 eng u | ||
| 035 | _a(Sirsi) u105579 | ||
| 245 | _aUnreasonable refusal | ||
| 260 | _c2000 | ||
| 490 |
_aEstates Gazette _v(0016) 22 April 2000, 136(1) |
||
| 520 | _aDiscusses the case "Ashworth Frazer Ltd v Gloucester CC" (ABS62094) which held that a landlord cannot usually refuse consent to an assignment just because the assignee's proposed use will breach the terms of the lease. | ||
| 590 | _aWB | ||
| 650 | 0 | _aASHWORTH FRAZER LTD V GLOUCESTER CC | |
| 650 | _aASSIGNMENT OF LEASES | ||
| 650 | _aUSER RESTRICTIONS | ||
| 650 | 0 | _aWITHHOLDING CONSENT | |
| 650 | _aCONSENT TO ASSIGN | ||
| 690 | _aLANDLORD AND TENANT-BUSINESS TENANCIES | ||
| 942 | _n0 | ||
| 999 |
_c63260 _d63260 |
||